[Event "EOC-ch-Final 2021"]
[Site "Online"]
[Date "2021.03.30"]
[Round "1.1"]
[White "Van Foreest, Jorden"]
[Black "Duda, Jan-Krzysztof"]
[Result "0-1"]
[WhiteElo "2671"]
[BlackElo "2743"]
[PlyCount "52"]
[EventDate "2021.03.30"]
[EventType "team-tourn"]
[EventCountry "NET"]
[SourceTitle "playchess.com"]
[Source "ChessBase"]
[SourceQuality "1"]

1. e4 c5 2. Nf3 d6 3. d4 cxd4 4. Nxd4 Nf6 5. Nc3 a6 6. Qd3 Nbd7 7. Be2 e6 8. a4
b6 9. O-O Bb7 10. Qg3 Nxe4 11. Nxe4 Bxe4 12. Re1 Nf6 13. Bd2 d5 14. Bf3 Bxf3
15. Qxf3 Bc5 16. Bc3 Ne4 17. b4 Bd6 18. Bb2 Qc7 19. Qh3 O-O 20. b5 axb5 21.
axb5 Bc5 22. Rf1 Rxa1 23. Bxa1 Ra8 24. Bb2 Qf4 25. Qd3 Qd2 26. f3 Ra2 0-1

[Event "EOC-ch-Final 2021"]
[Site "Online"]
[Date "2021.03.30"]
[Round "1.2"]
[White "Moranda, Wojciech"]
[Black "Maghsoodloo, Parham"]
[Result "0-1"]
[WhiteElo "2618"]
[BlackElo "2676"]
[PlyCount "62"]
[EventDate "2021.03.30"]
[EventType "team-tourn"]
[EventCountry "NET"]
[SourceTitle "playchess.com"]
[Source "ChessBase"]
[SourceQuality "1"]

1. d4 Nf6 2. c4 e6 3. Nf3 d5 4. Nc3 dxc4 5. e4 b5 6. e5 Nd5 7. Nxb5 Nb6 8. Be2
Nc6 9. O-O Be7 10. Nc3 O-O 11. Be3 Rb8 12. b3 cxb3 13. axb3 Bb7 14. Qb1 a6 15.
Rc1 Nb4 16. Ne4 h6 17. Nc5 Bxc5 18. Rxc5 Nd7 19. Rc1 Bd5 20. Ra4 Rb7 21. Nd2 c5
22. dxc5 Nxe5 23. Nc4 Bxc4 24. Bxc4 Qb8 25. Bxa6 Nxa6 26. Rxa6 Ng4 27. g3 Rxb3
28. Qe4 Nxe3 29. fxe3 Rb2 30. c6 Qb5 31. Qc4 Qh5 0-1

[Event "EOC-ch-Final 2021"]
[Site "Online"]
[Date "2021.03.30"]
[Round "1.3"]
[White "Amin, Bassem"]
[Black "Socko, Bartosz"]
[Result "1-0"]
[WhiteElo "2695"]
[BlackElo "2618"]
[PlyCount "93"]
[EventDate "2021.03.30"]
[EventType "team-tourn"]
[EventCountry "NET"]
[SourceTitle "playchess.com"]
[Source "ChessBase"]
[SourceQuality "1"]

1. e4 c6 2. d4 d5 3. exd5 cxd5 4. c4 Nf6 5. Nc3 e6 6. Nf3 Bb4 7. cxd5 Nxd5 8.
Bd2 O-O 9. Bd3 Nf6 10. O-O Nc6 11. Bg5 Be7 12. Re1 b6 13. Ne5 Bb7 14. Ba6 Qc8
15. Qf3 Na5 16. Bxb7 Qxb7 17. Qxb7 Nxb7 18. Nc6 Bd6 19. Bxf6 gxf6 20. d5 exd5
21. Nxd5 Kg7 22. Rac1 Rfc8 23. b4 Bc5 24. Nde7 Bxe7 25. Nxe7 Rxc1 26. Rxc1 a5
27. b5 Rd8 28. g4 Nc5 29. a3 a4 30. Re1 Kf8 31. Re3 Rd1+ 32. Kg2 Rb1 33. Nd5
Rxb5 34. Nxf6 Rb3 35. Re8+ Kg7 36. Nh5+ Kh6 37. Rg8 f5 38. h4 Ne4 39. f3 fxg4
40. fxg4 Rb2+ 41. Kf3 Nd2+ 42. Kf4 Nf1 43. Nf6 Rf2+ 44. Ke5 Rxf6 45. g5+ Kh5
46. gxf6 Ne3 47. f7 1-0

[Event "EOC-ch-Final 2021"]
[Site "Online"]
[Date "2021.03.30"]
[Round "1.4"]
[White "Tomczak, Jacek"]
[Black "Van Wely, Loek"]
[Result "0-1"]
[WhiteElo "2610"]
[BlackElo "2620"]
[PlyCount "132"]
[EventDate "2021.03.30"]
[EventType "team-tourn"]
[EventCountry "NET"]
[SourceTitle "playchess.com"]
[Source "ChessBase"]
[SourceQuality "1"]

1. e4 c5 2. Nf3 d6 3. d4 cxd4 4. Nxd4 Nf6 5. Nc3 a6 6. Bc4 e6 7. Bb3 Nc6 8. Be3
Be7 9. f4 O-O 10. Qf3 Qc7 11. O-O Na5 12. Rae1 Nxb3 13. Nxb3 Bd7 14. g4 d5 15.
e5 Ne4 16. Nxe4 dxe4 17. Qg3 f6 18. c3 Bb5 19. Rf2 fxe5 20. fxe5 Bc4 21. Nd4 b5
22. g5 Rxf2 23. Bxf2 Bd5 24. a3 Rf8 25. Be3 Bc5 26. Rf1 Rf3 27. Rxf3 exf3 28.
Qf4 Bxd4 29. Qxd4 Qf7 30. Kf2 Qf5 31. Kg3 f2 32. Bxf2 Qxg5+ 33. Qg4 Qxe5+ 34.
Qf4 Qf6 35. Qb8+ Kf7 36. Qc7+ Kg6 37. Qf4 e5 38. Qg4+ Qg5 39. Be3 Qxg4+ 40.
Kxg4 Be6+ 41. Kf3 Kf5 42. Bb6 g5 43. Bc7 h5 44. Ke3 h4 45. Bd8 Bd5 46. Be7 a5
47. b4 a4 48. Bd8 Bc4 49. Be7 e4 50. Bd8 Bd3 51. Be7 Kg4 52. Kf2 Kh5 53. Bd8 g4
54. Be7 g3+ 55. hxg3 h3 56. g4+ Kxg4 57. Bd6 Kf5 58. Bb8 Ke6 59. Ke3 Kd5 60.
Kd2 Kc4 61. Bf4 Kb3 62. Be5 Kxa3 63. c4 Bxc4 64. Kc3 e3 65. Bd6 e2 66. Kd2 Kb2
0-1

[Event "EOC-ch-Final 2021"]
[Site "Online"]
[Date "2021.03.30"]
[Round "1.5"]
[White "Goryachkina, Aleksandra"]
[Black "Guseinov, Gadir"]
[Result "1/2-1/2"]
[WhiteElo "2593"]
[BlackElo "2665"]
[PlyCount "83"]
[EventDate "2021.03.30"]
[EventType "team-tourn"]
[EventCountry "NET"]
[SourceTitle "playchess.com"]
[Source "ChessBase"]
[SourceQuality "1"]

1. d4 Nf6 2. c4 g6 3. Nc3 Bg7 4. e4 d6 5. Nf3 O-O 6. Be2 c6 7. O-O e5 8. Be3
exd4 9. Nxd4 Re8 10. f3 d5 11. cxd5 Nxd5 12. Nxd5 cxd5 13. Rc1 Nc6 14. Nxc6
bxc6 15. Rxc6 Bb7 16. Rc2 dxe4 17. f4 Qa5 18. Qd7 Ba6 19. Rc7 Qxc7 20. Qxc7
Bxe2 21. Rc1 Bg4 22. Qb7 a5 23. b3 a4 24. bxa4 Rxa4 25. Rc2 Be6 26. Qc6 Rea8
27. Rd2 Bf6 28. h3 Rxa2 29. Rxa2 Rxa2 30. Qxe4 h5 31. Qd3 Ra4 32. Qc2 Rc4 33.
Qd2 Kg7 34. Kh2 Bf5 35. Qd5 Ra4 36. Bc5 Ra6 37. Bd4 Bxd4 38. Qxd4+ Kg8 39. Qd8+
Kg7 40. Qd4+ Kg8 41. Qd8+ Kg7 42. Qd4+ 1/2-1/2

[Event "EOC-ch-Final 2021"]
[Site "Online"]
[Date "2021.03.30"]
[Round "1.7"]
[White "Paehtz, Elisabeth"]
[Black "Durarbayli, Vasif"]
[Result "1/2-1/2"]
[WhiteElo "2467"]
[BlackElo "2606"]
[PlyCount "82"]
[EventDate "2021.03.30"]
[EventType "team-tourn"]
[EventCountry "NET"]
[SourceTitle "playchess.com"]
[Source "ChessBase"]
[SourceQuality "1"]

1. d4 Nf6 2. Nf3 e6 3. c3 c5 4. Bg5 cxd4 5. cxd4 Qb6 6. Qc2 Nc6 7. Bxf6 gxf6 8.
e3 d5 9. a3 Bd7 10. Nc3 Rc8 11. Be2 Bd6 12. O-O Ne7 13. Rac1 h5 14. Nh4 f5 15.
g3 Ng8 16. Bd3 Nf6 17. Qe2 Ke7 18. Rc2 a6 19. Qf3 Qb3 20. Rfc1 Rc6 21. Qe2 Rhc8
22. Nb1 Rxc2 23. Rxc2 Rxc2 24. Qxc2 Qxc2 25. Bxc2 Ne4 26. f3 Ng5 27. Kf2 a5 28.
Nc3 b5 29. Ne2 Nh7 30. Nc1 b4 31. a4 Be8 32. b3 Nf8 33. Nd3 f6 34. Nf4 Bf7 35.
Bd3 Bc7 36. Bb5 Bb6 37. Ke2 Kd6 38. Nd3 Nh7 39. Nf4 Nf8 40. Nd3 Nh7 41. Nf4 Nf8
1/2-1/2

[Event "EOC-ch-Final 2021"]
[Site "Online"]
[Date "2021.03.30"]
[Round "1.8"]
[White "Safarli, Eltaj"]
[Black "Socko, Monika"]
[Result "1-0"]
[WhiteElo "2598"]
[BlackElo "2421"]
[PlyCount "71"]
[EventDate "2021.03.30"]
[EventType "team-tourn"]
[EventCountry "NET"]
[SourceTitle "playchess.com"]
[Source "ChessBase"]
[SourceQuality "1"]

1. e4 e6 2. d4 d5 3. Nd2 Nf6 4. e5 Nfd7 5. Bd3 c5 6. c3 Nc6 7. Ne2 a5 8. O-O a4
9. Bb5 Qa5 10. c4 cxd4 11. Nf3 Be7 12. Nexd4 Nxd4 13. Nxd4 O-O 14. cxd5 Nxe5
15. dxe6 Bxe6 16. Nxe6 fxe6 17. Qe2 Rf5 18. Kh1 Raf8 19. Bd2 Bb4 20. Be3 Kh8
21. a3 Be7 22. Bd2 Qb6 23. Bc3 Ng6 24. Bxa4 Rxf2 25. Rxf2 Rxf2 26. Qc4 e5 27.
Bb3 Rf8 28. Ba2 Qf2 29. h3 Nh4 30. Qe4 Rf3 31. Qg4 Rg3 32. Qc8+ Bf8 33. Bd5
Nxg2 34. Bxe5 Rg6 35. Bd4 Qxd4 36. Qxf8# 1-0

[Event "EOC-ch-Final 2021"]
[Site "Online"]
[Date "2021.03.30"]
[Round "1.9"]
[White "Fedoseev, Vladimir"]
[Black "Vidit, Santosh Gujrathi"]
[Result "0-1"]
[WhiteElo "2687"]
[BlackElo "2726"]
[PlyCount "66"]
[EventDate "2021.03.30"]
[EventType "team-tourn"]
[EventCountry "NET"]
[SourceTitle "playchess.com"]
[Source "ChessBase"]
[SourceQuality "1"]

1. Nf3 d5 2. g3 Nf6 3. Bg2 c5 4. O-O g6 5. c4 Bg7 6. cxd5 Nxd5 7. Nc3 Nc6 8.
Qa4 Nc7 9. Ng5 O-O 10. Bxc6 bxc6 11. Qxc6 Rb8 12. Qxc5 h6 13. Nf3 Bb7 14. e4
Ne6 15. Qe3 g5 16. d3 Qd7 17. Re1 g4 18. Nh4 Nd4 19. Qd2 f5 20. Qd1 Ba8 21. Be3
Rxb2 22. Rc1 Bf6 23. Bxd4 Bxd4 24. Re2 Rxe2 25. Nxe2 Bb6 26. Qb3+ Kh7 27. Nxf5
e6 28. Ne3 Rf3 29. Rf1 Bxe3 30. fxe3 Rxe3 31. Nf4 Qd4 32. Qc4 Rxg3+ 33. Kh1
Bxe4+ 0-1

[Event "EOC-ch-Final 2021"]
[Site "Online"]
[Date "2021.03.30"]
[Round "1.10"]
[White "Wojtaszek, Radoslaw"]
[Black "Matlakov, Maxim"]
[Result "0-1"]
[WhiteElo "2705"]
[BlackElo "2688"]
[PlyCount "94"]
[EventDate "2021.03.30"]
[EventType "team-tourn"]
[EventCountry "NET"]
[SourceTitle "playchess.com"]
[Source "ChessBase"]
[SourceQuality "1"]

1. c4 c6 2. Nf3 d5 3. e3 Nf6 4. Nc3 Nbd7 5. d4 e6 6. Qc2 Bd6 7. Bd3 O-O 8. O-O
dxc4 9. Bxc4 e5 10. a3 Qe7 11. h3 Bc7 12. Ba2 h6 13. Nh4 Rd8 14. Nf5 Qf8 15.
Bd2 Nb6 16. dxe5 Bxe5 17. Rad1 Bxf5 18. Qxf5 Qe7 19. Qc2 Rd7 20. Bc1 Rad8 21.
Rxd7 Rxd7 22. Rd1 Rxd1+ 23. Qxd1 Bxc3 24. bxc3 Ne4 25. Qd4 Qh4 26. g3 Qe7 27.
Bb1 Nc5 28. Bc2 Ne6 29. Qe5 Nd7 30. Qe4 Qc5 31. Qb4 Nb6 32. e4 Qh5 33. Qe7 Qe2
34. Qe8+ Kh7 35. Qxf7 Qxc2 36. Qf5+ g6 37. Qf7+ Ng7 38. Be3 Qd1+ 39. Kh2 Qd7
40. Qf6 Nc4 41. Bd4 b6 42. Qf8 Nd2 43. Qf4 Nc4 44. Qf8 c5 45. Bf6 Nd2 46. e5
Nf3+ 47. Kg2 Nxe5 0-1

[Event "EOC-ch-Final 2021"]
[Site "Online"]
[Date "2021.03.30"]
[Round "1.11"]
[White "Vitiugov, Nikita"]
[Black "Navara, David"]
[Result "1/2-1/2"]
[WhiteElo "2715"]
[BlackElo "2697"]
[PlyCount "64"]
[EventDate "2021.03.30"]
[EventType "team-tourn"]
[EventCountry "NET"]
[SourceTitle "playchess.com"]
[Source "ChessBase"]
[SourceQuality "1"]

1. Nf3 d5 2. g3 g6 3. Bg2 Bg7 4. d4 Nf6 5. c4 c6 6. cxd5 cxd5 7. Ne5 Ne4 8. Nd2
Nd7 9. Nxe4 dxe4 10. Nxd7 Qxd7 11. Bxe4 Qxd4 12. Qxd4 Bxd4 13. O-O O-O 14. Rd1
Bg7 15. Be3 Be6 16. Bd5 Bxd5 17. Rxd5 Rfd8 18. Rxd8+ Rxd8 19. Rc1 Bxb2 20. Rc7
Bd4 21. Bxd4 Rxd4 22. Rxb7 Rd2 23. Rxe7 Rxa2 24. e4 a5 25. Ra7 Re2 26. Rxa5
Rxe4 27. Kg2 Kg7 28. h4 h5 29. Kf3 Re7 30. Kg2 Re4 31. Kf3 Re7 32. Kg2 Re4
1/2-1/2

[Event "EOC-ch-Final 2021"]
[Site "Online"]
[Date "2021.03.30"]
[Round "1.12"]
[White "Sasikiran, Krishnan"]
[Black "Esipenko, Andrey"]
[Result "1/2-1/2"]
[WhiteElo "2647"]
[BlackElo "2677"]
[PlyCount "74"]
[EventDate "2021.03.30"]
[EventType "team-tourn"]
[EventCountry "NET"]
[SourceTitle "playchess.com"]
[Source "ChessBase"]
[SourceQuality "1"]

1. e4 e5 2. Nf3 Nf6 3. Nxe5 d6 4. Nf3 Nxe4 5. Nc3 Nf6 6. d4 Be7 7. h3 O-O 8.
Bd3 Re8 9. O-O h6 10. Ne2 d5 11. Bf4 Bd6 12. Bxd6 Qxd6 13. Re1 Nc6 14. Ng3 Bd7
15. Qd2 Rxe1+ 16. Rxe1 Re8 17. c3 a6 18. Re3 Rxe3 19. Qxe3 Ne7 20. Ne5 Be6 21.
f4 Kf8 22. a3 a5 23. b4 axb4 24. axb4 Qb6 25. Kh2 Qa7 26. f5 Bc8 27. Ng4 Neg8
28. Qf4 Qb6 29. Ne5 Qd6 30. Kg1 Ne7 31. Qf1 Bd7 32. Qe1 b6 33. Qe3 Bc8 34. Qf4
Kg8 35. Qe3 Kf8 36. Qf4 Kg8 37. Qe3 Kf8 1/2-1/2

[Event "EOC-ch-Final 2021"]
[Site "Online"]
[Date "2021.03.30"]
[Round "1.13"]
[White "Bluebaum, Matthias"]
[Black "Adams, Michael"]
[Result "1/2-1/2"]
[WhiteElo "2670"]
[BlackElo "2716"]
[PlyCount "77"]
[EventDate "2021.03.30"]
[EventType "team-tourn"]
[EventCountry "NET"]
[SourceTitle "playchess.com"]
[Source "ChessBase"]
[SourceQuality "1"]

1. d4 Nf6 2. Nf3 d5 3. e3 e6 4. Bd3 b6 5. O-O Bb7 6. b3 Bd6 7. c4 O-O 8. cxd5
exd5 9. Ba3 c5 10. Nc3 Nbd7 11. Rc1 Rc8 12. Bf5 Re8 13. Re1 Bf8 14. Bb2 a6 15.
dxc5 bxc5 16. Ne2 Rc7 17. Ng3 g6 18. Bb1 Bg7 19. Qd2 h5 20. Qa5 Qb8 21. Bd4
Rec8 22. Bb2 Rc6 23. Rcd1 Re6 24. Ne2 Ree8 25. Ng3 Qa8 26. Nh4 Ne5 27. h3 Qb8
28. Qd2 Ne4 29. Bxe4 dxe4 30. Qe2 Nd3 31. Bxg7 Kxg7 32. Nxh5+ gxh5 33. Qxh5 Qe5
34. Nf5+ Kf8 35. Qh6+ Kg8 36. Qg5+ Kf8 37. Qh6+ Kg8 38. Qg5+ Kf8 39. Qh6+
1/2-1/2

[Event "EOC-ch-Final 2021"]
[Site "Online"]
[Date "2021.03.30"]
[Round "1.14"]
[White "Howell, David W L"]
[Black "Donchenko, Alexander"]
[Result "1/2-1/2"]
[WhiteElo "2658"]
[BlackElo "2678"]
[PlyCount "61"]
[EventDate "2021.03.30"]
[EventType "team-tourn"]
[EventCountry "NET"]
[SourceTitle "playchess.com"]
[Source "ChessBase"]
[SourceQuality "1"]

1. c4 Nf6 2. Nc3 e5 3. Nf3 Nc6 4. e3 Bb4 5. Qc2 Bxc3 6. Qxc3 Qe7 7. a3 d5 8. d4
exd4 9. Nxd4 Nxd4 10. Qxd4 c5 11. Qh4 dxc4 12. Bxc4 O-O 13. O-O Rd8 14. b4 Be6
15. bxc5 Bxc4 16. Qxc4 Rac8 17. Bb2 Qxc5 18. Qxc5 Rxc5 19. Bd4 Ra5 20. Rfc1 h6
21. h3 Rd7 22. a4 Nd5 23. Rc4 Ne7 24. Kf1 b5 25. Rc5 Rxa4 26. Rxa4 bxa4 27. Ke2
a3 28. Ra5 Nc6 29. Rxa3 Nxd4+ 30. exd4 Rxd4 31. Rxa7 1/2-1/2

[Event "EOC-ch-Final 2021"]
[Site "Online"]
[Date "2021.03.30"]
[Round "1.15"]
[White "Meier, Georg"]
[Black "McShane, Luke J"]
[Result "1-0"]
[WhiteElo "2628"]
[BlackElo "2674"]
[PlyCount "65"]
[EventDate "2021.03.30"]
[EventType "team-tourn"]
[EventCountry "NET"]
[SourceTitle "playchess.com"]
[Source "ChessBase"]
[SourceQuality "1"]

1. Nf3 Nf6 2. g3 g6 3. Bg2 Bg7 4. d4 O-O 5. O-O d6 6. b3 b5 7. Nbd2 Bb7 8. c4
a6 9. Qc2 Nbd7 10. Bb2 e6 11. e4 Rb8 12. c5 dxc5 13. dxc5 c6 14. b4 Qc7 15. Nb3
Rfe8 16. a4 h5 17. Rfd1 e5 18. Bc3 Re7 19. Rd6 Ne8 20. Rd3 Ndf6 21. Ne1 h4 22.
Na5 Bc8 23. Rad1 Bg4 24. f3 Bd7 25. g4 Nh7 26. axb5 axb5 27. Bd2 Bf6 28. Be3 g5
29. Rd6 Nf8 30. Qd2 Rd8 31. Nxc6 Nxd6 32. Nxe7+ Bxe7 33. cxd6 1-0

[Event "EOC-ch-Final 2021"]
[Site "Online"]
[Date "2021.03.30"]
[Round "1.16"]
[White "Cheparinov, Ivan"]
[Black "Keymer, Vincent"]
[Result "1/2-1/2"]
[WhiteElo "2667"]
[BlackElo "2591"]
[PlyCount "97"]
[EventDate "2021.03.30"]
[EventType "team-tourn"]
[EventCountry "NET"]
[SourceTitle "playchess.com"]
[Source "ChessBase"]
[SourceQuality "1"]

1. d4 Nf6 2. c4 e6 3. Nf3 d5 4. g3 Bb4+ 5. Bd2 Be7 6. Bg2 O-O 7. O-O c6 8. Qc2
Nbd7 9. Rd1 b6 10. b3 a5 11. Bc3 Ne4 12. Bb2 f5 13. Nc3 Ba6 14. e3 b5 15. c5 b4
16. Ne2 a4 17. bxa4 Bxe2 18. Qxe2 Rxa4 19. Ne1 Qa5 20. Nd3 Rb8 21. Qc2 Rxa2 22.
Qb3 Rxa1 23. Rxa1 Qb5 24. Ra7 Rb7 25. Rxb7 Qxb7 26. Qxb4 Qxb4 27. Nxb4 Nb8 28.
f3 Nf6 29. Bf1 Kf7 30. Bc3 Bd8 31. Nd3 Bc7 32. Be2 g5 33. Bd1 Ke7 34. Kg2 h5
35. h3 Nbd7 36. Ba4 Nb8 37. Be1 Kd8 38. h4 g4 39. Nf4 Bxf4 40. gxf4 Kd7 41. Ba5
Na6 42. Bc2 Nc7 43. Bxc7 Kxc7 44. Bd3 Kd7 45. Kg3 Ke7 46. Ba6 Kd7 47. Bd3 Ke7
48. Ba6 Kd7 49. Bd3 1/2-1/2

[Event "EOC-ch-Final 2021"]
[Site "Online"]
[Date "2021.03.30"]
[Round "1.17"]
[White "Grandelius, Nils"]
[Black "Artemiev, Vladislav"]
[Result "1/2-1/2"]
[WhiteElo "2663"]
[BlackElo "2709"]
[PlyCount "60"]
[EventDate "2021.03.30"]
[EventType "team-tourn"]
[EventCountry "NET"]
[SourceTitle "playchess.com"]
[Source "ChessBase"]
[SourceQuality "1"]

1. e4 c5 2. Nf3 d6 3. d4 cxd4 4. Nxd4 Nf6 5. Nc3 Nc6 6. Bg5 Bd7 7. Qd2 a6 8.
O-O-O e6 9. f4 Be7 10. Nf3 b5 11. Bxf6 gxf6 12. Kb1 Qb6 13. Bd3 b4 14. Ne2 a5
15. f5 a4 16. Nf4 Qc5 17. Rhe1 Bd8 18. Bf1 b3 19. c3 bxa2+ 20. Kxa2 Rb8 21.
fxe6 fxe6 22. Qxd6 Qxd6 23. Rxd6 Bc7 24. Rxe6+ Bxe6+ 25. Nxe6 Bd6 26. Rd1 Kd7
27. Ng7 Kc7 28. Ne6+ Kd7 29. Ng7 Kc7 30. Ne6+ Kd7 1/2-1/2

[Event "EOC-ch-Final 2021"]
[Site "Online"]
[Date "2021.03.30"]
[Round "1.18"]
[White "Kamsky, Gata"]
[Black "Svane, Rasmus"]
[Result "1-0"]
[WhiteElo "2665"]
[BlackElo "2613"]
[PlyCount "99"]
[EventDate "2021.03.30"]
[EventType "team-tourn"]
[EventCountry "NET"]
[SourceTitle "playchess.com"]
[Source "ChessBase"]
[SourceQuality "1"]

1. e4 c6 2. d4 d5 3. exd5 cxd5 4. Bd3 Nc6 5. c3 Nf6 6. Bf4 Bg4 7. Qb3 Qd7 8.
Nd2 e6 9. Ngf3 Bd6 10. Bxd6 Qxd6 11. O-O Qc7 12. Rae1 O-O 13. Qc2 Rac8 14. Qb1
Rb8 15. Ne5 Bh5 16. f4 b5 17. Nb3 Bg6 18. Bxg6 hxg6 19. Nc5 Qc8 20. b4 Ne7 21.
Re3 Ne4 22. Qe1 Nxc5 23. dxc5 Rd8 24. Rh3 f6 25. Qh4 fxe5 26. Qxe7 e4 27. Qg5
Rf8 28. Qxg6 Rf6 29. Qh7+ Kf7 30. Qh5+ Kg8 31. Qh7+ Kf7 32. g4 Qc7 33. Qh5+ Ke7
34. Qg5 Rg8 35. Rh7 Kf7 36. Kg2 a6 37. h4 e3 38. f5 Qe5 39. fxe6+ Kxe6 40.
Rxf6+ Qxf6 41. Qxe3+ Kd7 42. Rh5 Kc6 43. Re5 Kb7 44. Re7+ Ka8 45. Re8+ Rxe8 46.
Qxe8+ Kb7 47. Qd7+ Ka8 48. Qxd5+ Ka7 49. Qd7+ Ka8 50. c6 1-0

[Event "EOC-ch-Final 2021"]
[Site "Online"]
[Date "2021.03.30"]
[Round "1.19"]
[White "Engel, Luis"]
[Black "Timofeev, Artyom"]
[Result "1/2-1/2"]
[WhiteElo "2553"]
[BlackElo "2594"]
[PlyCount "78"]
[EventDate "2021.03.30"]
[EventType "team-tourn"]
[EventCountry "NET"]
[SourceTitle "playchess.com"]
[Source "ChessBase"]
[SourceQuality "1"]

1. e4 c5 2. Nf3 e6 3. d4 cxd4 4. Nxd4 Nf6 5. Nc3 Nc6 6. Nxc6 dxc6 7. Qxd8+ Kxd8
8. Bg5 Bd6 9. O-O-O Kc7 10. f4 e5 11. Bc4 h6 12. Bxf6 gxf6 13. f5 Rh7 14. Rd3
a6 15. Rhd1 Be7 16. a4 Rb8 17. a5 Bb4 18. Na4 Bxa5 19. Nc5 Bb4 20. Nd7 Bxd7 21.
Rxd7+ Kb6 22. Bxf7 Rg7 23. g3 a5 24. c3 Bc5 25. Kc2 Rf8 26. Bg6 Rxd7 27. Rxd7
Bg1 28. h3 Bf2 29. g4 a4 30. Bf7 Bh4 31. Be6 Bg5 32. Kb1 Rb8 33. Ka2 Kc5 34.
Rc7 b5 35. b4+ axb3+ 36. Kxb3 Kb6 37. Rc8 Rxc8 38. Bxc8 c5 39. c4 b4 1/2-1/2

[Event "EOC-ch-Final 2021"]
[Site "Online"]
[Date "2021.03.30"]
[Round "1.20"]
[White "Sharafiev, Azat"]
[Black "Heinemann, Thies"]
[Result "1-0"]
[WhiteElo "2432"]
[BlackElo "2502"]
[PlyCount "99"]
[EventDate "2021.03.30"]
[EventType "team-tourn"]
[EventCountry "NET"]
[SourceTitle "playchess.com"]
[Source "ChessBase"]
[SourceQuality "1"]

1. d4 Nf6 2. Nf3 e6 3. Bg5 c5 4. e3 b6 5. Bd3 h6 6. Bh4 cxd4 7. exd4 Be7 8. O-O
O-O 9. Nbd2 Ba6 10. Bxa6 Nxa6 11. a4 Nc7 12. c3 d6 13. Re1 Qd7 14. Qb3 Rfe8 15.
h3 Qc6 16. Bg3 a6 17. Ra2 b5 18. Rea1 Reb8 19. axb5 axb5 20. Ne1 Rxa2 21. Rxa2
Ra8 22. Nd3 Rxa2 23. Qxa2 Nfd5 24. Qa7 f5 25. Qa2 Kf7 26. Nf3 Qa8 27. Qxa8 Nxa8
28. Nfe1 Nab6 29. Kf1 g5 30. f3 f4 31. Bf2 Kf6 32. Nc2 Nc4 33. Ke2 Kf5 34. Be1
Bd8 35. b3 Na5 36. Nc1 Nc6 37. c4 bxc4 38. bxc4 Nb6 39. Kd3 d5 40. c5 Nd7 41.
Nb4 Nxb4+ 42. Bxb4 Nb8 43. Na2 Bc7 44. Bc3 h5 45. Nb4 g4 46. hxg4+ hxg4 47. c6
Bd6 48. Kc2 Bxb4 49. c7 Bxc3 50. Kxc3 1-0

[Event "EOC-ch-Final 2021"]
[Site "Online"]
[Date "2021.03.30"]
[Round "2.1"]
[White "Duda, Jan-Krzysztof"]
[Black "Artemiev, Vladislav"]
[Result "1/2-1/2"]
[WhiteElo "2743"]
[BlackElo "2709"]
[PlyCount "63"]
[EventDate "2021.03.30"]
[EventType "team-tourn"]
[EventCountry "NET"]
[SourceTitle "playchess.com"]
[Source "ChessBase"]
[SourceQuality "1"]

1. e4 e5 2. Nf3 Nc6 3. Bc4 d6 4. d4 Nf6 5. Ng5 d5 6. dxe5 Bg4 7. Be2 Bxe2 8.
Qxe2 Nxe4 9. Nxe4 dxe4 10. Bf4 Qd5 11. O-O Nd4 12. Qd1 O-O-O 13. Nc3 Qc6 14.
Qg4+ Qd7 15. Qxd7+ Rxd7 16. Rae1 Nxc2 17. Rxe4 Bc5 18. Na4 Be7 19. g3 Rhd8 20.
Kg2 Rd4 21. Nc3 Nb4 22. Rxd4 Rxd4 23. Be3 Rd3 24. Kf3 Bc5 25. Ke2 Bxe3 26. fxe3
Rd7 27. e6 fxe6 28. Rf8+ Rd8 29. Rf7 Rd7 30. Rf8+ Rd8 31. Rf7 Rd7 32. Rf8+
1/2-1/2

[Event "EOC-ch-Final 2021"]
[Site "Online"]
[Date "2021.03.30"]
[Round "2.2"]
[White "Kamsky, Gata"]
[Black "Moranda, Wojciech"]
[Result "1-0"]
[WhiteElo "2665"]
[BlackElo "2618"]
[PlyCount "89"]
[EventDate "2021.03.30"]
[EventType "team-tourn"]
[EventCountry "NET"]
[SourceTitle "playchess.com"]
[Source "ChessBase"]
[SourceQuality "1"]

1. e4 c5 2. Nf3 e6 3. d3 Nc6 4. g3 d5 5. Nbd2 Nf6 6. Bg2 Be7 7. O-O b6 8. Re1
Bb7 9. c3 Qc7 10. a3 h6 11. b4 dxe4 12. dxe4 cxb4 13. cxb4 O-O 14. Bb2 Rfd8 15.
Rc1 Qd7 16. Qb3 Rac8 17. Nc4 b5 18. Nce5 Nxe5 19. Nxe5 Qe8 20. Qe3 Rxc1 21.
Rxc1 a6 22. Nd3 Rc8 23. Bxf6 Rxc1+ 24. Qxc1 Bxf6 25. Qc7 Qc8 26. Qxc8+ Bxc8 27.
e5 Bd8 28. f4 Bb6+ 29. Nc5 Bxc5+ 30. bxc5 a5 31. Kf2 Kf8 32. Bc6 Ba6 33. Ke3
Ke7 34. h4 Kd8 35. Kd4 b4 36. axb4 axb4 37. Ba4 Kc7 38. g4 Be2 39. g5 Ba6 40.
Be8 b3 41. Kc3 Bc4 42. Ba4 hxg5 43. fxg5 Bd5 44. h5 Be4 45. Kxb3 1-0

[Event "EOC-ch-Final 2021"]
[Site "Online"]
[Date "2021.03.30"]
[Round "2.3"]
[White "Socko, Bartosz"]
[Black "Timofeev, Artyom"]
[Result "1/2-1/2"]
[WhiteElo "2618"]
[BlackElo "2594"]
[PlyCount "109"]
[EventDate "2021.03.30"]
[EventType "team-tourn"]
[EventCountry "NET"]
[SourceTitle "playchess.com"]
[Source "ChessBase"]
[SourceQuality "1"]

1. d4 d5 2. Nf3 Nf6 3. c4 dxc4 4. e3 e6 5. Bxc4 c5 6. O-O a6 7. Qe2 Be7 8. Rd1
Qc7 9. dxc5 Bxc5 10. b3 O-O 11. Bb2 Qe7 12. Nbd2 Nbd7 13. Rac1 b6 14. Bd3 Bb7
15. Ng5 a5 16. Nde4 Nxe4 17. Bxe4 Qxg5 18. Bxb7 Rad8 19. g3 Qe7 20. Bg2 Nf6 21.
Bf3 h6 22. Rc2 Rxd1+ 23. Qxd1 Rd8 24. Rd2 Rxd2 25. Qxd2 Qd6 26. Qxd6 Bxd6 27.
Kf1 Nd7 28. Ke2 Nc5 29. Bc6 Kf8 30. f4 f6 31. h4 Ke7 32. g4 Na6 33. Be4 Nb4 34.
Bb1 Nd5 35. Be4 Nb4 36. a3 Na6 37. Bc2 Nc5 38. Kf3 b5 39. Bc3 Na6 40. Bb2 Nc5
41. g5 b4 42. axb4 axb4 43. Kg4 hxg5 44. fxg5 Nd7 45. gxf6+ Nxf6+ 46. Kg5 Kf7
47. Bg6+ Kf8 48. h5 Nd5 49. Bd4 Be7+ 50. Kg4 Nf6+ 51. Kf3 Nd7 52. Ke4 Nc5+ 53.
Bxc5 Bxc5 54. Kd3 Ke7 55. e4 1/2-1/2

[Event "EOC-ch-Final 2021"]
[Site "Online"]
[Date "2021.03.30"]
[Round "2.4"]
[White "Sharafiev, Azat"]
[Black "Tomczak, Jacek"]
[Result "0-1"]
[WhiteElo "2432"]
[BlackElo "2610"]
[PlyCount "60"]
[EventDate "2021.03.30"]
[EventType "team-tourn"]
[EventCountry "NET"]
[SourceTitle "playchess.com"]
[Source "ChessBase"]
[SourceQuality "1"]

1. d4 Nf6 2. Nf3 g6 3. Bg5 Bg7 4. Nbd2 O-O 5. c3 d5 6. e3 c5 7. Bd3 b6 8. O-O
Bb7 9. Qb1 Nbd7 10. a4 Re8 11. b4 c4 12. Bc2 Nh5 13. Re1 Qc7 14. g4 Nhf6 15.
Bf4 e5 16. dxe5 Nxg4 17. e6 Nde5 18. h3 Nxf3+ 19. Nxf3 Ne5 20. exf7+ Qxf7 21.
Nxe5 Bxe5 22. Bxe5 Rxe5 23. Qd1 Rg5+ 24. Kf1 d4 25. Qxd4 Bg2+ 26. Ke2 Qf3+ 27.
Kd2 Rd5 28. Qxd5+ Qxd5+ 29. Kc1 Be4 30. Rd1 Qf5 0-1